Central Library OPAC University of Rajshahi

সাংবাদিকতায় মৃত‍্যুকূপের অভিযাত্রী / (Record no. 82563)

MARC details
000 -LEADER
fixed length control field 00852nam a2200229 a 4500
001 - CONTROL NUMBER
control field 82563
003 - CONTROL NUMBER IDENTIFIER
rucl marc code BD-RjUL
005 - DATE AND TIME OF LATEST TRANSACTION
control field 20231228105926.0
008 - FIXED-LENGTH DATA ELEMENTS--GENERAL INFORMATION
fixed length control field 231228s2023 bg ||||| |||| 00| 0 ben d
020 ## - INTERNATIONAL STANDARD BOOK NUMBER
International Standard Book Number 9789849751915
035 ## - SYSTEM CONTROL NUMBER
System control number (BD-RjUL)82563
040 ## - CATALOGING SOURCE
Original cataloging agency BD-RjUL
Language of cataloging eng
Transcribing agency BD-RjUL
041 ## - LANGUAGE CODE
Language code of text/sound track or separate title ben
082 ## - DEWEY DECIMAL CLASSIFICATION NUMBER
Edition number 23
Classification number 070.4
Author mark and year AHS 2023
100 ## - MAIN ENTRY--PERSONAL NAME
Personal name আহমদ, মোস্তাক
9 (RLIN) 10759
245 ## - TITLE STATEMENT
Title সাংবাদিকতায় মৃত‍্যুকূপের অভিযাত্রী /
Statement of responsibility, etc. মোস্তাক আহমদ
260 ## - PUBLICATION, DISTRIBUTION, ETC. (IMPRINT)
Place of publication, distribution, etc. চট্টগ্রাম :
Name of publisher, distributor, etc. আবির প্রকাশন,
Date of publication, distribution, etc. ২০২৩
300 ## - PHYSICAL DESCRIPTION
Pagination ৪৪৮ পৃ.;
Size ২১ সেমি.
650 ## - SUBJECT ADDED ENTRY--TOPICAL TERM
Topical term or geographic name as entry element গণমাধ্যম ও সাংবাদিকতা
9 (RLIN) 10760
Topical term or geographic name as entry element Media and Journalism
9 (RLIN) 10761
942 ## - ADDED ENTRY ELEMENTS (KOHA)
Source of classification or shelving scheme Dewey Decimal Classification
Koha item type Books
Holdings
Lost status Source of classification or shelving scheme Damaged status Not for loan Collection code Permanent Location Current Location Shelving location Date acquired Source of acquisition Cost, normal purchase price Total Checkouts Full call number Date last seen Copy number Koha item type
  Dewey Decimal Classification   Not For Loan Non-fiction Central Library, University of Rajshahi Central Library, University of Rajshahi Reading Room 24/12/2023 Author 500.00   B 070.4 AHS 2023 28/12/2023 C-1 Books